000 00489nam a2200181 i 4500
001 93628
003 ES-MaACL
005 20250814063222.0
007 t|
008 050415s1907 sp ||||1| spa d
100 1 _aLópez-Ballesteros, Luis,
_d1869-1933
_9142106
245 1 0 _aLucha extraña
_b: novela.
250 _a2ª ed.
260 _aMadrid :
_b[s.n.],
_c1907 (
_fTip. Rev. de Archivo)
300 _a244 p. ;
_c16.
852 _aES-MaACL
_jD-347
999 _c93628
_d93628